Central Library OPAC University of Rajshahi

The integration of the personality / (Record no. 29398)

MARC details
000 -LEADER
fixed length control field 01064nam a22003251 4500
001 - CONTROL NUMBER
control field 29398
003 - CONTROL NUMBER IDENTIFIER
rucl marc code BD-RjUL
005 - DATE AND TIME OF LATEST TRANSACTION
control field 20211209051417.0
008 - FIXED-LENGTH DATA ELEMENTS--GENERAL INFORMATION
fixed length control field 140403r19521940nyua h b 001 0 eng
035 ## - SYSTEM CONTROL NUMBER
System control number (BD-RjUL)29483
System control number (OCoLC)322157
040 ## - CATALOGING SOURCE
Original cataloging agency DLC
Transcribing agency OCH
Modifying agency OCoLC
-- DLC
-- BD-RjUL
Language of cataloging eng
041 1# - LANGUAGE CODE
Language code of text/sound track or separate title eng
Language code of original ger
082 ## - DEWEY DECIMAL CLASSIFICATION NUMBER
Classification number 153.72
Author mark and year JUI 1952
100 1# - MAIN ENTRY--PERSONAL NAME
Personal name Jung, C. G.
Fuller form of name (Carl Gustav),
Dates associated with a name 1875-1961.
9 (RLIN) 5179
245 14 - TITLE STATEMENT
Title The integration of the personality /
Statement of responsibility, etc. Carl G. Jung, M.D.; translated by Stanley M. Dell.
260 ## - PUBLICATION, DISTRIBUTION, ETC. (IMPRINT)
Place of publication, distribution, etc. New York ;
-- Toronto :
Name of publisher, distributor, etc. Farrar & Rinehart, inc.,
Date of publication, distribution, etc. 1940 [Reprinted 1952].
300 ## - PHYSICAL DESCRIPTION
Pagination 3-313 p. :
Illustrations ill.,
Size 24 cm.
504 ## - BIBLIOGRAPHY, ETC. NOTE
Bibliography, etc Includes index.
650 #0 - SUBJECT ADDED ENTRY--TOPICAL TERM
Topical term or geographic name as entry element Individuality.
9 (RLIN) 3826
Topical term or geographic name as entry element Psychoanalysis.
9 (RLIN) 89647
Topical term or geographic name as entry element Subconsciousness.
9 (RLIN) 88881
Topical term or geographic name as entry element Dreams.
9 (RLIN) 89648
Topical term or geographic name as entry element Alchemy
General subdivision History.
9 (RLIN) 89649
700 1# - ADDED ENTRY--PERSONAL NAME
Personal name Dell, Stanley M.,
Relator term tr.
710 2# - ADDED ENTRY--CORPORATE NAME
Corporate name or jurisdiction name as entry element Rouben Mamoulian Collection (Library of Congress)
Institution to which field applies DLC
9 (RLIN) 50483
942 ## - ADDED ENTRY ELEMENTS (KOHA)
Source of classification or shelving scheme Dewey Decimal Classification
Koha item type Books
Holdings
Lost status Source of classification or shelving scheme Damaged status Not for loan Collection code Permanent Location Current Location Shelving location Date acquired Source of acquisition Cost, normal purchase price Total Checkouts Full call number Date last seen Copy number Koha item type
  Dewey Decimal Classification     Non-fiction Central Library, University of Rajshahi Central Library, University of Rajshahi   26/01/1956 SImpkin marshall 1.10   153.72 JUI 1952 03/04/2014 C-2 Books